Tratado latinoamericano de sociología del trabajo

Guardat en:
Dades bibliogràfiques
Autor principal: Garza Toledo, Enrique de la (Autor)
Format: Llibre
Idioma:espanyol
Publicat: Ciudad de México Fondo de Cultura Económica 2000
Edició:1a. ed
Col·lecció:Sociología
Matèries:
Etiquetes: Afegir etiqueta
Sense etiquetes, Sigues el primer a etiquetar aquest registre!

MARC

LEADER 00000cam a2200000 a 4500
001 UCI7390
003 CL-VaPUC
008 080703e20000000MX |||||||||||||||||spa|d
020 |a 9681660269 
082 0 4 |a 306.36  |b GAR  |2 21 
100 |a Garza Toledo, Enrique de la  |e author  |9 575673 
245 1 0 |a Tratado latinoamericano de sociología del trabajo 
250 |a 1a. ed 
300 |a 796 p 
942 |c BK 
945 |d 20080703 00:00:00  |a rbrito 
260 |a Ciudad de México  |b Fondo de Cultura Económica  |c 2000 
650 7 |a SOCIOLOGIA DEL TRABAJO  |2 CL-VaPUC  |9 530616 
650 0 |a Sindicatos  |9 255034 
650 0 |a Trabajadores  |9 260887 
650 0 |a Trabajo  |9 313876 
650 0 |a Cambio tecnológico  |9 334821 
583 |a last modification  |c 20140506 04:02:06  |k Rodrigo Vera 
490 0 |a Sociología 
999 |c 330690  |d 330688 
952 |0 0  |1 0  |4 0  |6 306_360000000000000_GAR_2000  |7 0  |8 A  |9 416390  |a BIBEDU  |b BIBEDU  |d 2019-11-22  |i 4453778  |o 306.36 GAR 2000  |p 4453778  |r 2019-11-22  |w 2019-11-22  |y BK  |k PSI 
952 |0 0  |1 0  |3 erb  |4 0  |6 306_360000000000000_GAR_2000  |7 0  |8 A  |9 416391  |a BIBGIM  |b BIBGIM  |i 5078806  |l 1  |o 306.36 GAR 2000  |p 5078806  |r 2025-01-15  |s 2023-11-08  |w 2019-11-22  |y BK  |z Catalogado en:20140508  |k SSL